000 00346nam a2200085Ia 4500
008 220203s9999 xx 000 0 und d
245 0 _aProceedings of the Workshop on Rubber Processing and Marketing by the Co-operatives, 6-7 April 2004, Cochin, India
260 _bRubber Research Institute of India
_aKottayam
_c2004
942 _cPN
999 _c45229
_d45229